Las Naciones Unidas y el derecho internacional

Tallennettuna:
Bibliografiset tiedot
Päätekijät: Fernández de Casadevante, Carlos (Tekijä), Quel, Francisco Javier (Tekijä)
Aineistotyyppi: Kirja
Kieli:espanja
Julkaistu: Barcelona Ariel 1997
Painos:1a. ed
Aiheet:
Tagit: Lisää tagi
Ei tageja, Lisää ensimmäinen tagi!

MARC

LEADER 00000nam a2200000 a 4500
001 UCL6999
003 CL-VaPUC
008 040423e19970000SP |||||||||||||||||spa|d
020 |a 8434416093 
082 0 4 |a 341.23  |b FER  |2 21 
100 0 |a Fernández de Casadevante, Carlos  |e author  |9 484698 
700 0 |a Quel, Francisco Javier  |e author  |9 484699 
245 1 4 |a Las Naciones Unidas y el derecho internacional 
250 |a 1a. ed 
300 |a 187 p 
942 |c BK 
945 |d 20040423 00:00:00  |a cmena 
260 |a Barcelona  |b Ariel  |c 1997 
600 0 7 |a NACIONES UNIDAS  |2 CL-VaPUC  |9 255446 
650 0 |a Derecho internacional  |9 255637 
650 0 |a Codificación   |9 258568 
650 7 |a PODER  |2 CL-VaPUC  |9 484700 
650 0 |a Justicia   |9 255408 
583 |a last modification  |c 20040423 00:00:00  |k Rodrigo Vera 
999 |c 308869  |d 308867 
952 |0 0  |1 0  |4 0  |6 341_230000000000000_FER_1997  |7 0  |8 A  |9 375782  |a BIBDER  |b BIBDER  |d 2019-11-21  |i 4008928  |o 341.23 FER 1997  |p 4008928  |r 2023-01-25  |w 2019-11-21  |y BK  |k DER